Statistics for FTC CHOMIKS QUIZ

Click here to take the quiz!

General Stats

  • This quiz has been taken 64 times
    (56 since last reset)
  • The average score is 56 of 424

Answer Stats

HintAnswer% Correct
First Chomik in Grayscale1909
64%
...Black Hole
52%
BlueBlue
50%
Hole near the bottom of Classic Roblox16-Bit
45%
i forgorForgor
45%
RedRed
45%
Tarsado DemonEverything
43%
Below the slide8-Bit
40%
YesBen
40%
Scary MazeBilly
40%
GreenGreen
40%
Purple buttonsDark Matter
38%
How Dementia affects meDementia
38%
FNFFunky
38%
Light buttonsLight Matter
38%
Obby in Cyber ZoneARG
36%
IndigoIndigo
36%
First ChomikNormalny
36%
OrangeOrange
36%
I lost my pizzaThe Sky Had A Chomik
36%
YellowYellow
36%
Bruh the cheese makes it medium32-Bit
33%
Maximum quality!64-Bit
33%
IM ANGRY!!!!Angry
33%
Obama in AoChomando
33%
In the Blue areaCyan
33%
Let's go outside at night. NO. Why? THE MOON.. IS A DEADLY LASERMoon
33%
Inside a graveScorionik
33%
Let's go outside. NO. Why? THE SUN IS A DEADLY LASERSun
33%
A set of troll parkourTrollgemik
33%
Filler Heaven ChomikArchangel
31%
7 KeysBackrooms
31%
BZZZZBeemik
31%
Annoying laser partChombux
31%
Boss fight in the Frigid OutskirtsFrost Monarch
31%
This Chomik's area has the teleporter to TrollhattanTrollmik
31%
A trial in a trialUber Secret
31%
VioletViolet
31%
Button Hunt in The Enda chomik you've found before
29%
In the room in AoAo Onik
29%
Don't mess with himBully
29%
Buttons in Classic StructuresGrayscale
29%
/e forbiddenfruitI Wanna Be The Chomik
29%
Keys in ApartmentJanitor
29%
In Ao starting roomMaurice
29%
Ho Ho HoSanta
29%
Bad TowerScorionik 3
29%
ShatteredShattered Reality
29%
A HAHA that should be mediumTroll Secret
29%
YOU ARE A CHOMIK. HAHAHAHAHAHAHHAHAHAHAHAHAyou are a chomik
29%
Buttons in all floors of ApartmentApartmik
26%
Executable fileChomik.exe
26%
A monster in The BackroomsCollector
26%
On the sign in Desolate IslandHammer
26%
Panik! Kalm. Panik!Panik
26%
Desert TowerScorionik 2
26%
Pick a sideAngelik
24%
Sorry but we can't give a hint. This chomik is unavailable because of its banBanned
24%
Why you bully me?Bullied
24%
I lost my crayons... :(Chamola
24%
Crystalize and then speak with CondatusChomdatus
24%
Why is the Chomik Pearl in a bottle? - Captain Chomik SparrowChomik in a Bottle
24%
Youtuber on ChomcoChonk
24%
THECHOMDESTROYERMemory Keeper
24%
Behind donater boardNot so Secret
24%
A secret in Granite | Big jump padOmega Secret
24%
Tomb RaiderPharaoh
24%
hRealmik
24%
A knockoff EverythingAnything
21%
Remember your Ban IDBanland
21%
Chess and catsBonnet
21%
Button huntChomikception
21%
Empty BaseplateChomik Of Deep Caverns
21%
All the colorsColor Wheel
21%
Down the slide in Classic RobloxCrash Test
21%
5 Chomiks that do not appear in the GUIFestive Titan
21%
Search it upGUI
21%
Find The CandiesHeadless Horsemik
21%
Casino BackroomsMusical Memoir
21%
31NotHcom
21%
Obama in GrayscaleApocalypse of Shady Gray
19%
Cheesable obby in Vermillion VoidBloodmoon
19%
Stellar ConductorBroken Code
19%
Starcode: CurtCatzo
19%
A Chomik in Granite that looks like a teddy bearChamik
19%
Nerd emojiChobaloPL
19%
A maze in a mazeCHOMIKISALREADYDEAD
19%
Ao obbyChomikonette
19%
Do something in The Frigid Outskirts to make it appear in IceChristmas Tree
19%
CiphersCipher
19%
Dad N' MeDad N' Mik
19%
School and mathDesmos
19%
Parkour added to get EarthsEarthmik
19%
Big Chomik in Ao ExpansionEldritch
19%
Invisible parkour near ARGInternet
19%
Want to play a little game?Jigsaw
19%
I lost 8 candies and 8 crayons...Little Boy
19%
PolybiusPolybimik
19%
RELEASE THYSELF ARCHAIC HAMSTERRunestone
19%
15 buttonsSplit Matter
19%
Blue pad and complete the obbyAbstract Art
17%
AAH A CHOMIK!!Afraid of Chomiks
17%
On top of the support beams near that builder in TrollhattanAgent Chomik on Duty
17%
Hidden in AoAnalog Horror
17%
A miscolouring in The SnackroomsArcade Machine
17%
Robin HoodArchery
17%
First "Outside of the Game" ChomikBadgemik
17%
Near a bush in GraveyardBarely Secret
17%
He'd be dying if this replaced my bean bagBean Bag
17%
In a corner in Field of WheatBlanchik
17%
Click orbs in the Underwater ObbyBluemoon
17%
Overlook at the top of ApartmentBlurry
17%
Window parkourBuilding
17%
Cheering in churchCheerik
17%
Pickaxe in Revamp Lava then go to SpawnChodiac
17%
On top the mountain of Classic RobloxChomik Attack
17%
Revamp ButtonsChomikbrine
17%
Difficult obby in Revamp MarbleChomik of Liberty
17%
The wikiChomnipedia
17%
Button hunt in Bikini BottomCoral Reef
17%
Miscolouring in Level 188Crawler
17%
BurgchinDeveloper
17%
You finished your Chomik collectionEgg Hunt
17%
Extreme Demon DifficultyExtreme
17%
I once was the ruler of the ChomiksI used to rule the Chomiks
17%
Walking simulator x +++Milky Way
17%
NFTsNon-Fungible
17%
Tight gap in BlockyRainbow
17%
Grasycale Tower belowScorionik 0
17%
On the birch tree in SpawnSemi Secret
17%
Originally was ser difficulty. For an easy chomik?Sernik
17%
Six stonesThanos
17%
He's funny (definitely)The Chomedian
17%
Dark path in Suspicous areaVoided
17%
The coolest easyAnimated
14%
Building a road in TrollhattanArchitecturik
14%
Swimming in SpawnAxolotic
14%
Near where the Revamp Portal would be in RevampBlossom
14%
Opposite World TowerBog
14%
First Chomik in The BackroomsCarpet Moss
14%
You thought you quit Google Maps, huh?Chomco Maps
14%
By Chomik da VinciChomik Lisa
14%
Dance clip in Level 28Chomik of Chaotic Glitches
14%
Really bigChomnipotence
14%
An X-Pusher in TrollhattanChomplexuality
14%
STONKSChonks
14%
kaleidoscopeChromatic Fizz
14%
Very afraid of small spacesClaustrophobik
14%
I am clueless to what this Chomik isClueless
14%
THE POWERDevil
14%
Sign in AsgardGlyphic Legend
14%
Get a three in a rowGolden Chover
14%
Extreme obby at Revamp IceIce Shard
14%
The brother of DemonikImpik
14%
Invisible
14%
On top of Purple RoomsKittymik
14%
Blind mazeLightswitch
14%
Don't touch me. Don't touch meLiquid Pain
14%
A copy of subareasMapmik
14%
AAH! MONSTER! IN AO EXPANSION!Monstermik
14%
On a wall in Level 188Not Water
14%
Find the Reggies CollabReggimik
14%
Beat the noobs timeSpeedrun
14%
UpUpmik
14%
A bitcoinWanna Cry
14%
destructionentranceWindow
14%
Calculator but GrayscaleAchromatik
12%
313Advanced Expressions
12%
Parkour in Universal StudAirbrush
12%
Teamwork on the haystackAmber
12%
Light the firesAstronomik
12%
Inside the Baby PrisonBirbWatchik
12%
Revamp Kitchen microwave puzzleCanned Beanmik
12%
It is not a cave, it's the interior of a Desolate IslandCaveman
12%
Go inside a moving wallChimerik
12%
Yellow line in Level 0Chomik Detection Agency
12%
It is a 191829299283747 chance you get this in your life.Chomik of Astronomical Odds
12%
A tall stack of Chomiks on your head must hurtChom-stack
12%
This Chomik is anonymous so I won't give you a hint.Chononymous
12%
Pick a sideDemonik
12%
The Cultist oneDevoted
12%
On a tree in The World TreeEagle
12%
Solve a few of the ciphersEncrypted
12%
Conveyer obbyFlash
12%
Jump down in ARGGreen Magical
12%
Hexagons are the bestagonsHex
12%
Press a button on the black substance, then do invisible parkourInk Demon
12%
Obby in Level !Level !
12%
Obby where you may get to see the moon in LavaMolten Chomiklands
12%
Fun :)Partygoer
12%
Get a key in Level FunParty Helper
12%
Subscribe!Playbutton
12%
Dance Clipping in Level !Regent
12%
Big ledge below a structureRuby
12%
Hard parkour in IceSanta Hat
12%
IS THAT LIGHTMATTER??!! no!!Suspicious
12%
Mm yummyTakis
12%
SnapThanos Snapped
12%
Invisible path simulatorThe Watching
12%
You found me! Now time will breakUnfindable
12%
Behind a graveZombik
12%
In an orb in Blue CobblestoneAliased
10%
Quite suprisedAwook
10%
Hidden in The End of TimeBackrooms Dweller
10%
Parkour in a beehiveBee Bear
10%
Near Desert TowerBlue Marlinik
10%
Probably was born from my bubbly bathBubble
10%
War!Chank
10%
On a pillar in MarbleChomcoin
10%
Investing is a smart choiceChomcoin Investor
10%
Button Hunt in The End then climb on the lettersChomik 56 Doesn't Exist
10%
FridgeChomik in a Mirror
10%
CORNChom on the Cob
10%
On top of a tower in Field of WheatChomrooms Wanderer
10%
The Delicious Last CourceChom Saltbaker
10%
Four in a row!Chonnect 4
10%
CannonsChosmic Splash
10%
Afraid of the timeChronophobik
10%
A chaseCowboy
10%
A tight gap in the Blue AreaCyanide
10%
Hello my name is MarkiplierDarkness Devourer
10%
5 gatesDevourer of Spacetime
10%
ROY ROY ROYFactory
10%
Fall near the button activated pathFading
10%
Get off my lawn!Farmer
10%
A cave in the garden of TrollhattanFeral
10%
Multiple on Level 0 in ApartmentFlowerpot
10%
Can you feel my HEART?Giga
10%
Keys in ApartmentGlue
10%
Another bridge in GrayscaleGrayscale Solar
10%
Spiked ice! AyoIce Spikes
10%
Expansion house with easy obbyMagenta Malady
10%
A button under the Desolate IslandMagic Carpet
10%
BALEFUL ONEMalevolent Demonik
10%
Longest obby on RobloxMega Fun
10%
In a flower in The World TreeMidsummer
10%
Very good composerMozart
10%
Very big guy doing his backstrokenihil
10%
Go on a trash canOddball
10%
ElementsPeriodic
10%
Petri dishPetrified
10%
magicshopdance2cornerPush the Chomik out of the Box
10%
On/Off obbyReversemik
10%
Arrow obbyRPG Protagonist
10%
On a sand pillar in Desolate IslandSand
10%
ZZZ... WAKE UP!Sleeping
10%
In The SnackroomsSnackrooms
10%
Very slowSnailik
10%
An Endless EndingStairway
10%
Devamp RealmSurrealik
10%
Palm tree in Desolate IslandSweating
10%
Wee I'm swinging!Swinging
10%
On a structure in Blue CobblestoneTextik
10%
Near the entrance of The HouseThe Door
10%
Obby under the calculatorUltra Secret
10%
The walls of Level 0Wallpaper
10%
Invisible wrap around in Blue CobblestoneWizard
10%
The bridge in GrayscaleYin Yang
10%
Pins in RGB ExpansionZombo.chom
10%
An arcade machineAced
7%
PipesAncient Relik
7%
Make a wish at the observatoryAstral Alignment
7%
The hardest easy. That sounds wrongBanjo and Chomik
7%
In a haybaleBear
7%
Fall in a Classic houseBluesteel
7%
We give him a kick in the bootBootmik
7%
The landlord of 1OneBusy Man
7%
Jump down from the obby in LavaCataclysmik
7%
RoosterChock-A-Doodle Doo
7%
A red tree hides the secretsChomdriver Torso
7%
My reflection looks wrong...Chomfronting Yourself
7%
Dance clip near TakisChomik of Arbitrary Systems
7%
Very clear water (no)Chomik of the Clearest Waters
7%
A jumppad at the edge of Sector 1Chomik Of The Fourth Dimension
7%
IVE FALLENChomik On The Floor
7%
A very aggressive Venus Fly ChomikChomnivorous
7%
Is there drugs in this?Chomond Water
7%
Look underCHRIS PRATT
7%
Under the Cyber Zone platformCircuit
7%
The tallest structure in GraniteComik
7%
Near the way to log out of ChomcoCompressed
7%
First Chomik in Cyber ZoneComputerized
7%
/e cheerCreeping
7%
sosyphusCrimson King
7%
Between two shelves entwine Deathrattus DeathrattusDeath Rat
7%
Support beams need support in a houseDIY
7%
A chair in KitchenEating
7%
Let it SnowElfik
7%
THE CREATOR??Emceptional
7%
Flame on a bowEnchanting Table
7%
Neon studsEnigmatik
7%
I'm out! Yes!Escaped
7%
3 keys in Level 188Faceling
7%
I saved those up for New Years!Firework
7%
FishingFishermik
7%
Tight gaps in GraniteFish Eye Lens
7%
In pitfallsForgotten
7%
X PusherInterstellar
7%
Bow glitchJousting
7%
The volcanoKrakatoik
7%
The most fun extreme (not that fun but extreme isn't fun)Legendary Artifact
7%
Da babyLESSS GOOOO
7%
Thanks Chomik EdisonLightbulb
7%
Cool logosLogo Maker
7%
The quick brown fox jumps over the cool catLonely World
7%
Sorry about that JimmyMeat Canyon
7%
End of an Amethyst Abyss pathMissing Texture
7%
The owner of the magic shopMorshik
7%
MouseMysz
7%
Uh oh the find the chomik community knows about frumsPictured As Chomik
7%
TagsRainbow Cartoony
7%
Complete the Desert MazeRuby Artifact
7%
UnderShadow Quartz
7%
The first obbyShip Rider
7%
Graveyard transparent obbySoulless
7%
Walking simulator xStratosphere
7%
Do something in The Frigid Outskirts to make it appear in IceThe Christmik Spirit
7%
No hint. This Chomik was only available 2 days ago so hint's pointless.Time Traveller
7%
Oil floats on waterTrollmik Physics
7%
A leap of faith...Vermillion Void
7%
Doing his job near a windowWindow Cleaner
7%
Get a Youtube video linkYT Searcher
7%
Get rid of a dome then go inside a coffinAnubik
5%
Squidward taking his life for artArtist
5%
A time to relax and wet yourselfBath Tub
5%
My favourite elementBismuth
5%
Originally were to be named RobotikBotik
5%
That The Shining scene but on the wallBroken Wall
5%
Probably hunting people on Floor 1 that are enemiesCamo
5%
Based on that Amogus memeChamogus
5%
Bold and BrashChom and Brash
5%
A chomik is a polish hamster with bones that make people collect it.Chombiology
5%
The wallsChomik8274
5%
Orange tree in Classic RobloxChomik Fights at the Heights
5%
Ha HaChomik Laugh Emote
5%
5 dimensions!Chomik Of Time And Space
5%
THERE ONCE WAS A SHIP THAT PUT TO SEA .Chomik Shanty
5%
A tree in Sector 2Chomik Swapper Tool
5%
JOJO????Chotaro
5%
Speedrun Minecraft. Get flint and steel. Find nether portal.Crafter
5%
In the pillar in Vermillion VoidDescry
5%
boomDynamite
5%
Look for numbers in Celestial DomeEmpyrean Reignment
5%
WAMADA WAMADA WEEEFalling
5%
Get the reindeers backFlying Reindeerik
5%
Rainbow ball near the top of Revamp Trashfsjalik
5%
The Hash Slinging SlasherHash Slinger
5%
Like an EAS scenarioHaunted TV
5%
On a black substance in GraveyardHollow
5%
Puzzle with the colorsIce Queen
5%
A scamMyDoomik
5%
Gerbil. Good luck not being Polish.Myszoskoczek
5%
Dance into a wallNoclik
5%
Chomco will help you with the AUTH Key (or not)Oversimplified Logo
5%
ITPennywise
5%
This Chomik never seen the light of dayPermafrost
5%
Printing clubPrinted
5%
Behind Tv in Revamp TrashRevamped Feodorik
5%
LIGHTSABER TEETH?Saber Toothed
5%
Blue candlesSoul Candle
5%
In SpawnSpawn
5%
Thin enclosed space in Level 0Survivor
5%
RatSzczur
5%
Negative numbers are a thing?The Chomik Of Absolute Zero
5%
Machine behind the SphinxTime Trophy
5%
Wandering until Crescent MegalpolisTrollhattan Traveller
5%
Puzzle with shelves in Level 28Unknown
5%
Tongue of a butcherVenomous Emperor
5%
Short vine obbyVermillion Pest
5%
PondWaterfall
5%
Fall below the Chomulator roomWhatsUp
5%
Fall somewhere in OvergrowthXanwood
5%
Looking like Skibidi DopBig Chomgus
2%
Continue on an obby in GraveyardBrainz
2%
Go into the red building's doorChomik Of Essence
2%
The rightmost starChomik of Extraterrestrial Enchantment
2%
A tight gap in ApartmentCowmik
2%
A piece of text in Blue Cobblestone will helpCubik
2%
The Binding of Isaac RepentanceDogma
2%
Man got dripDripped Out
2%
Behind a couchFabrik
2%
Inside a revamped volcanoGreen Lanternik
2%
Im so cold. Im so cold. Im so cold. Im so cold. Im so cold. Im so cold.Hypothermik
2%
UnrecognisableI Applied Too Many Effects
2%
Ring of Fire!!Igneous
2%
Bruh a sign tells you where it isInverted
2%
RunesMagic Rock
2%
The Junkies like thisMemory Jar
2%
Like a chomik to a flameMothmik
2%
Its named after the realmOpposite World
2%
idk why but when I fall off I get teleported next to itParadoxical Puppeteer
2%
The chomik in the picture is going AAAHParasitic
2%
If you had a match would you thaw the plant or the ice?Permafrost Plant
2%
On a building in Sector 1Reactor Core
2%
qwertyuiopRedvoid
2%
Fun :) +Reformed Partygoer
2%
That can blow up someone you know..Rocket Chomter
2%
Rail near a buildingSkater
2%
He lives inside a mushroomSmurfik
2%
In the oddball zoneSporky
2%
At the end of the path in The End of TimeStretcher
2%
Now he is afraid of vines or green.Tangled
2%
Orange lamp near a cliffsideTitamik
2%
Bread bankUnbread
2%
Corner of Blue Cobblestone with Can Collide: FalseVamprik
2%
Obby inside Windows XP structureWindows XP
2%
Go up in the cloudBIG SHOT
0%
Opposite world would be a better place for this oneChomtendo Switch
0%
Field near a flowerCrystallized Ether
0%
In his classroomDr. Faumik
0%
Looking like SCP-173Front Facing
0%
Obstacles in an ice spikeFrost Warrior
0%
In some pipes of QuarryGordon Freemik
0%
Down below a chomik in a blue padMetamik
0%
Pokemon!Mewik and Chomewtoo
0%
Undeletable folder in ChomcoModern Popmik
0%
BaseggPink Soul
0%
Behind the sand castle structureReindeerik
0%
Ice. On the edge of the hutRudolph, The Red Nosed Chomik
0%
Did you know the statue of liberty was originally brown?Rusted Copperwork
0%
Whoo hoo it is boat time!SLIDE 999999 METERS DOWN CHOMIK
0%
Get out of the stairwaysStaiways Void
0%
Really long name. I am sorry for making you do this :(The Chomik Which is Inside of this Tree in the School Area
0%

Score Distribution

Percentile by Number Answered

Percent of People with Each Score

Your Score History

You have not taken this quiz since the last reset